000 00382 a2200157 4500
001 73061
020 _a8573193433
040 _cAnchieta - Colégio São Paulo
100 _aBelisário, Regina Célia de Moura Gomide
240 1 0 _aNas trilhas da história
_lpor
245 1 0 _aNas trilhas da história
300 _a
362 0 _a0
650 4 _aHistória do mundo
942 _cBK
999 _c73061
_d73061